Afghanistan contracts : an overview : hearing before the Ad Hoc Subcommittee on Contracting Oversight of the Committee on Homeland Security and Governmental Affairs, United States Senate, One Hundred Eleventh Congress, first session, December 17, 2009.

Bibliographic Details
Corporate Author: United States. Congress. Senate. Committee on Homeland Security and Governmental Affairs. Ad Hoc Subcommittee on Contracting Oversight
Format: Government Document eBook
Language:English
Published: Washington : U.S. G.P.O., 2011.
Series:S. hrg. ; 111-792
Subjects:
Online Access:Electronic resource (PDF)

MARC

Tag First Indicator Second Indicator Subfields
LEADER 00000cam a22000001a 4500
001 in00004119421
005 20200117092459.0
006 m d f
007 cr bn mmmapmmp
008 110516s2011 dcua o f000 0 eng d
035 |a chdc201102038 
040 |a UMI  |c UMI  |d UtOrBLW 
043 |a a-af---  |a n-us--- 
086 0 |a Y 4.G 74/9:S.HRG.111-792 
110 1 |a United States.  |b Congress.  |b Senate.  |b Committee on Homeland Security and Governmental Affairs.  |b Ad Hoc Subcommittee on Contracting Oversight.  |0 http://id.loc.gov/authorities/names/no2009178903 
245 1 0 |a Afghanistan contracts :  |b an overview : hearing before the Ad Hoc Subcommittee on Contracting Oversight of the Committee on Homeland Security and Governmental Affairs, United States Senate, One Hundred Eleventh Congress, first session, December 17, 2009. 
264 1 |a Washington :  |b U.S. G.P.O.,  |c 2011. 
264 2 |a Washington :  |b For sale by the Supt. of Docs., U.S. G.P.O. 
300 |a iii, 108 pages :  |b illustrations, digital, PDF file. 
336 |a text  |b txt  |2 rdacontent 
337 |a computer  |b c  |2 rdamedia 
338 |a online resource  |b cr  |2 rdacarrier 
490 1 |a S. hrg. ;  |v 111-792 
500 |a Shipping list number: 2011-0214-P. 
500 |a Record is based on bibliographic data in ProQuest Congressional Hearings Digital Collection. Reuse except for individual research requires license from ProQuest, LLC. 
500 |a Electronic resource. 
533 |a Electronic reproduction.  |b [Bethesda, Md.] :  |c ProQuest,  |d 2011.  |e digital, PDF file.  |n ProQuest Congressional Hearings Digital Collection.  |n Mode of access: World Wide Web via ProQuest website. 
538 |a System requirements: PDF reader software. 
610 1 0 |a United States.  |b Department of Defense  |v Rules and practice. 
610 1 0 |a United States.  |b Agency for International Development  |v Rules and practice. 
650 0 |a Emergency management  |z Afghanistan  |x Finance. 
650 0 |a Military assistance, American  |z Afghanistan.  |0 http://id.loc.gov/authorities/subjects/sh2010101783 
650 0 |a Humanitarian assistance, American  |z Afghanistan. 
650 0 |a Afghan War, 2001-  |x Civilian relief  |x Finance. 
650 0 |a Intergovernmental cooperation  |z United States.  |0 http://id.loc.gov/authorities/subjects/sh2008104251 
651 0 |a United States  |x Armed Forces  |x Operations other than war. 
776 0 8 |i Print version:  |a United States. Congress. Senate. Committee on Homeland Security and Governmental Affairs. Ad Hoc Subcommittee on Contracting Oversight.  |t Afghanistan contracts  |w 2011388559  |w (OCoLC)ocn704267291  |z 9780160880391  |z 0160880394 
776 0 8 |i Microfiche version:  |a United States. Congress. Senate. Committee on Homeland Security and Governmental Affairs. Ad Hoc Subcommittee on Contracting Oversight.  |t Afghanistan contracts  |d [Bethesda, Md.] : ProQuest,[2011]  |o CIS 2011 S481-65  |w (ProQuest)cis01103931 
810 1 |a United States.  |b Congress.  |b Senate.  |t S. hrg. ;  |v 111-792.  |0 http://id.loc.gov/authorities/names/n83707917 
856 4 0 |u http://proxy.library.tamu.edu/login?url=http://search.proquest.com/congcomp/getdoc?HEARING-ID=HRG-2009-HSG-0079  |y Electronic resource (PDF)  |t 0 
998 |a cis01103931 
999 f f |s 1d3cc2c6-39ec-3a61-aa5f-9cd9decbfb45  |i b97d347e-65fb-34a7-9453-8f8da88bf37a  |t 0 
952 f f |a Texas A&M University  |b College Station  |c Electronic Resources  |d Available Online  |t 0  |e Y 4.G 74/9:S.HRG.111-792  |h Superintendent of Documents classification 
998 f f |a Y 4.G 74/9:S.HRG.111-792  |t 0  |l Available Online